Detalles MARC
| 000 -LÍDER |
| Campo fijo de descripción fija |
01661nam a2200337 i 4500 |
| 001 - NÚMERO DE CONTROL |
| Campo de control |
768714001 |
| 003 - IDENTIFICADOR DEL NÚMERO DE CONTROL |
| Campo de control |
CO-MdFUSB |
| 005 - FECHA Y HORA DE LA ULTIMA TRANSACCIÓN |
| control field |
20250717160637.0 |
| 007 - CAMPO FIJO DE DESCRIPCIÓN FIJA--INFORMACIÓN GENERAL |
| Campo fijo de descripción fija |
ta |
| 008 - ELEMENTOS DE LONGITUD FIJA -- INFORMACIÓN GENERAL |
| Campo fijo de descripción fija -- Información general |
250716t2023 -us |||| |||| 00| 0 spa d |
| 020 ## - NÚMERO INTERNACIONAL NORMALIZADO PARA LIBROS |
| Número Internacional Normalizado del libro |
9781962296120 |
| 040 ## - FUENTE DE CATALOGACIÓN |
| Agencia de catalogación original |
CO-MdFUSB |
| Idioma de catalogación |
spa |
| Agencia que realiza la transcripción |
CO-MdFUSB |
| Agencia que realiza la modificación |
CO-MdFUSBC |
| Convenciones de la descripción |
rda |
| 041 ## - CÓDIGO DE IDIOMA |
| Código de idioma para texto/pista de sonido o título separado |
spa |
| Código de idioma original |
eng |
| 082 ## - NÚMERO DE CLASIFICACIÓN DECIMAL DEWEY |
| Número de la edición del Dewey |
23 |
| Número de clasificación |
227.8707 |
| Clave de autor-Numero de item |
D457 |
| 100 1# - ASIENTO PRINCIPAL--NOMBRE PERSONAL |
| Nombre personal |
DeSilva, David Arthur |
| Término relacionador |
autor |
| 240 1# - TITULO UNIFORME |
| Título uniforme |
<a href="Perseverance in gratitude : a socio-rhetorical commentary">Perseverance in gratitude : a socio-rhetorical commentary</a> |
| 245 ## - TÍTULO |
| Título del Material |
Hebreos : |
| Parte restante del título - Subtitulo |
un comentario socio-retórico |
| Mención de responsabilidad, etc. |
/ David deSilva ; traducido por Carolina de Angulo |
| 264 #1 - PRODUCCIÓN, PUBLICACIÓN, DISTRIBUCIÓN, MANUFACTURA, Y COPYRIGHT |
| Nombre del productor, publicador, distribuidor |
Publicaciones Kerigma, |
| Lugar de producción, publicación, distribución, manufactura |
Salem, Oregón, Estados Unidos : |
| Fecha de producción, publicación, distribución, manufactura, o copyright |
[2023] |
| 264 #4 - PRODUCCIÓN, PUBLICACIÓN, DISTRIBUCIÓN, MANUFACTURA, Y COPYRIGHT |
| Fecha de producción, publicación, distribución, manufactura, o copyright |
©2023 |
| 300 ## - DESCRIPCIÓN FÍSICA |
| Extensión |
479 páginas |
| Dimensiones |
; 23 cm |
| 336 ## - TIPO DE CONTENIDO |
| Fuente |
rdacontent |
| Término de tipo de contenido |
texto |
| Código de tipo de contenido |
txt |
| 337 ## - TIPO DE MEDIO |
| Fuente |
rdamedia |
| Nombre del tipo de medio |
sin mediación |
| Código del tipo de medio |
n |
| 338 ## - TIPO DE SOPORTE |
| Fuente |
rdacarrier |
| Nombre del tipo de soporte |
volumen |
| Código Tipo de soporte |
nc |
| 505 ## - NOTA DE CONTENIDO |
| Nota de contenido con formato preestablecido |
Respondiendo a la Palabra de Dios y a su obra en el Hijo: 1:1-2:18. -- La inconveniencia de la desconfianza: 3:1-4:13. -- Jesús, nuestro garante del favor de Dios: 4:14-5:10. -- Honrar a Dios exige perseverancia. 5:11-6:20. -- Jesús, el mediador mejor calificado del favor de Dios: 7:1-8:13. -- La eliminación definitiva de la contaminación del pecado: 9:1-10:18. -- Acérquense a Dios y los unos a los otros: 10:19-39. -- Orientación de la fe en el mundo: 11:1-12:3. -- En formación para el reino: 12:4-29. -- Vivir en gratitud a Dios: 13:1-25. |
| 563 ## - NOTA DE ENCUADERNACIÓN |
| Nota de encuadernación |
Rústico |
| 630 07 - TITULO UNIFORME |
| Título uniforme |
Biblia. |
| Nombre de parte o sección de la obra |
Hebreos |
| Subdivisión de materia general |
Crítica, interpretación, etc. |
| 653 ## - TÉRMINO DE INDIZACIÓN - NO CONTROLADO |
| Término no controlado |
Hebreos. Crítica socio retórica. |
| 700 ## - ASIENTO SECUNDARIO - NOMBRE PERSONAL |
| Nombre personal |
Angulo, Carolina de, |
| 9 (RLIN) |
11226 |
| Responsabilidad |
traductor |
| 942 ## - TIPO DE MATERIAL (KOHA) |
| Tipo de Item KOHA |
Libros de Referencia |
| 945 ## - INFORMACIÓN LOCAL DEL REGISTRO |
| Catalogador |
JTF-925 |